Hungary: The Politics of transition
Збережено в:
| Автори: | , |
|---|---|
| Формат: | Книга |
| Мова: | Англійська |
| Опубліковано: |
Londres
Frank Cass
1995
|
| Редагування: | 1a. ed |
| Серія: | Journal of Communist studies and transition politics, 10, n 3
|
| Предмети: | |
| Теги: |
Додати тег
Немає тегів, Будьте першим, хто поставить тег для цього запису!
|
MARC
| LEADER | 00000nam a2200000 a 4500 | ||
|---|---|---|---|
| 001 | UCG5913 | ||
| 003 | CL-VaPUC | ||
| 008 | 110324e19950000UK |||||||||||||||||eng|d | ||
| 020 | |a 0714641677 | ||
| 082 | 0 | 4 | |a 943.9 |b COX |2 21 |
| 100 | 0 | |a Cox, Terry |e author |9 555836 | |
| 700 | 0 | |a Furlong, Andy |e author |9 555837 | |
| 245 | 1 | 0 | |a Hungary: The Politics of transition |
| 250 | |a 1a. ed | ||
| 300 | |a 196 p | ||
| 942 | |c BK | ||
| 945 | |d 20110324 00:00:00 |a jcampos | ||
| 260 | |a Londres |b Frank Cass |c 1995 | ||
| 650 | 7 | |a HISTORIA DE HUNGRIA |2 CL-VaPUC |9 555838 | |
| 650 | 0 | |a Política y gobierno |9 255151 | |
| 650 | 7 | |a POST COMUNISMO |2 CL-VaPUC |9 317845 | |
| 650 | 0 | |a Democracia |9 255256 | |
| 650 | 0 | |a Representación |9 378624 | |
| 651 | 7 | |a HUNGRIA |2 CL-VaPUC |9 336650 | |
| 583 | |a last modification |c 20110324 00:00:00 |k Rodrigo Vera | ||
| 490 | 0 | |a Journal of Communist studies and transition politics, 10, n 3 | |
| 999 | |c 344252 |d 344250 | ||
| 952 | |0 0 |1 0 |4 0 |6 943_900000000000000_COX_1995 |7 0 |8 A |9 442119 |a BIBHIS |b BIBHIS |d 2019-11-22 |i 4757971 |o 943.9 COX 1995 |p 4757971 |r 2025-01-20 |w 2019-11-22 |y BK |k HIS | ||